000 00699nam a2200205 a 4500
001 000044216
005 20240530073936.0
008 140610s2007 dr 000 e spa d
020 _a9789945410235
040 _aDO-SdBNP
_bspa
_cBNPHU
082 _aRD864.44
_bM158a
100 1 _aMckinney, Pablo
_972219
245 1 3 _aEl amor, por ejemplo :
_b(crónicas de pasión y desolvido) /
_cPablo Mckinney.
260 _aSanto Domingo :
_bLetra gráfica,
_c2007.
300 _a125 p. ;
_c22 cm.
500 _aIncluye datos biográficos del autor en la solapa de la contracubierta
650 0 _aEnsayos dominicanos
_965
650 0 _aLiteratura dominicana.
_967
910 _aValidado. Control de calidad MFF
999 _c43705
_d43705